000 00202nam a22000857a 4500
008 170125b xxu||||| |||| 00| 0 eng d
100 _92564
_aChawla.A
245 _aInventions-1
260 _aNew delhi
_bDP
_c2010
999 _c5671
_d5671